<?xml version="1.0" encoding="UTF-8"?><?xml-stylesheet type="text/xsl" href="static/style.xsl"?><OAI-PMH xmlns="http://www.openarchives.org/OAI/2.0/" xmlns:xsi="http://www.w3.org/2001/XMLSchema-instance" xsi:schemaLocation="http://www.openarchives.org/OAI/2.0/ http://www.openarchives.org/OAI/2.0/OAI-PMH.xsd"><responseDate>2026-04-28T19:43:17Z</responseDate><request verb="GetRecord" identifier="oai:uvadoc.uva.es:10324/73085" metadataPrefix="marc">https://uvadoc.uva.es/oai/request</request><GetRecord><record><header><identifier>oai:uvadoc.uva.es:10324/73085</identifier><datestamp>2025-01-07T20:02:33Z</datestamp><setSpec>com_10324_38</setSpec><setSpec>col_10324_852</setSpec></header><metadata><record xmlns="http://www.loc.gov/MARC21/slim" xmlns:doc="http://www.lyncode.com/xoai" xmlns:xsi="http://www.w3.org/2001/XMLSchema-instance" xmlns:dcterms="http://purl.org/dc/terms/" xsi:schemaLocation="http://www.loc.gov/MARC21/slim http://www.loc.gov/standards/marcxml/schema/MARC21slim.xsd">
<leader>00925njm 22002777a 4500</leader>
<datafield tag="042" ind1=" " ind2=" ">
<subfield code="a">dc</subfield>
</datafield>
<datafield tag="720" ind1=" " ind2=" ">
<subfield code="a">Ramírez Pérez, María J.</subfield>
<subfield code="e">author</subfield>
</datafield>
<datafield tag="260" ind1=" " ind2=" ">
<subfield code="c">2024</subfield>
</datafield>
<datafield tag="520" ind1=" " ind2=" ">
<subfield code="a">El propósito de este Trabajo Fin de Grado es analizar tres variedades lingüísticas procedentes del inglés y de la comunidad africana, además de observar cómo se comportan en la modalidad de la traducción de canciones. Para ello, el marco teórico parte del concepto de lenguas afrodescendientes, continúa introduciendo el origen y las características distintivas de los ingleses afroamericano, jamaicano y nigeriano, y termina exponiendo los métodos y técnicas de la traducción de dialectos y canciones. Las clasificaciones de características lingüísticas de esas tres variedades dialectales del inglés se aplican al análisis de un corpus compuesto por 20 canciones de dichas variedades. De este corpus, se seleccionan 3 canciones, una para cada tipo de inglés, se analiza y comenta una traducción que se ha encontrado en línea para cada una de ellas, señalando métodos y técnicas de traducción y, finalmente, se hace una propuesta de traducción propia, también para cada una de ellas, que intenta suplir las carencias de las traducciones de internet, así como conservar en mayor grado la esencia de las composiciones y de la cultura que asoma detrás de ellas.</subfield>
</datafield>
<datafield tag="024" ind2=" " ind1="8">
<subfield code="a">https://uvadoc.uva.es/handle/10324/73085</subfield>
</datafield>
<datafield tag="245" ind1="0" ind2="0">
<subfield code="a">Análisis y traducción de canciones con variedades del inglés afrodescendientes.</subfield>
</datafield>
</record></metadata></record></GetRecord></OAI-PMH>